Two Thousand Years - Billy Joel (Lyrics) - Statistics

General Stats
  • This quiz has been taken 9 times
  • The average score is 119 of 236
Answer Stats
Lyrics % Correct
a
86%
be
86%
two
86%
an
71%
by
71%
can
71%
I
71%
I'm
71%
In
71%
in
71%
is
71%
Is
71%
no
71%
No
71%
on
71%
the
71%
thousand
71%
to
71%
us
71%
We
71%
we
71%
with
71%
years
71%
years?
71%
all
57%
and
57%
And
57%
angels
57%
been
57%
beginning
57%
cold
57%
Gave
57%
It's
57%
life
57%
light
57%
long
57%
love
57%
night
57%
now
57%
of
57%
power
57%
Prophets
57%
So
57%
so
57%
There
57%
there
57%
They
57%
they
57%
Time
57%
time
57%
was
57%
We're
57%
will
57%
you
57%
After
43%
ages
43%
are
43%
at
43%
children
43%
come
43%
end
43%
faith
43%
field
43%
fire
43%
kill
43%
miracles
43%
Only
43%
our
43%
perseveres
43%
poetry
43%
relentless
43%
Rule
43%
see
43%
That
43%
that
43%
This
43%
this
43%
through
43%
Too
43%
true
43%
we've
43%
What
43%
world
43%
amazing
29%
Armed
29%
as
29%
battles
29%
blessing
29%
blind
29%
Caused
29%
compassion
29%
couldn't
29%
curse
29%
darkest
29%
endless
29%
even
29%
evening
29%
fate?
29%
fears
29%
flags
29%
from
29%
future
29%
give?
29%
hate
29%
healed
29%
hope
29%
kind
29%
kingdoms
29%
last
29%
live?
29%
Man
29%
many
29%
new
29%
One
29%
or
29%
same
29%
Science
29%
Sometimes
29%
sorrow
29%
triumphant
29%
vintage
29%
war
29%
Why
29%
Without
29%
won
29%
wonder
29%
wounds
29%
back
14%
can't
14%
Carry
14%
certain
14%
crossroads
14%
disappears
14%
down
14%
dreams
14%
Here
14%
hold
14%
learn
14%
line
14%
moment
14%
Nothing
14%
past
14%
thing
14%
things
14%
verge
14%
No matching quizzes found
Score Distribution
Percent of People with Each Score
Percentile by Number Answered
Your Score History
You have not taken this quiz